01083cmm a2200325 c 4500001000700000003000900007005001700016007000300033008003400036015000600070017001200076020001500088035000600103040003400109080000600143082002500149245013800174264003200312300004900344336002700393337003500420338003000455500002100485534006800506650003800574650003300612700005200645700003300697700002700730 39625DO-SdBPM20260120112335.0ta110429s2000 sp i 000 spa  a  a b z  a8437245281 a  aDO-SdBPMbspacBPMSUe rdad  a  4aR612bD545v 200022200aDiccionario visual Altea del cuerpo humano /ctraducción José Manual vidal Sacanell ; ilustradores Simone End ... [et al.]. h  a Madrid :bbAltea, c2000 a63 páginas .; b il.ustraciones :c32 cm.  atextobtxt2rdacontent asin mediación bn2rdamedia  avolumen bnc2rdacarrier  aIncluye índice pTítulo original :t The visual dictionary of the human body.  7a Anatomía humana vDiccionario  7a Histología vDiccionario 1 a vidal Sacanel, José Manual ; etraducción 1 a End, Simonee ilustradores 12aOrte, Emilio Martín